A to Z of internet: (Record no. 160753)

MARC details
000 -LEADER
fixed length control field 00572nam a22001817a 4500
005 - DATE AND TIME OF LATEST TRANSACTION
control field 20190214122709.0
010 ## - LCCN (DPL NO)
LC control number ENG-124793
020 ## - INTERNATIONAL STANDARD BOOK NUMBER
Terms of availability 195.00
035 ## - SYSTEM CONTROL NUMBER
System control number EN-108325
037 ## - SOURCE OF ACQUISITION
Source of stock number/acquisition DBAD/PUB
082 ## - DEWEY DECIMAL CLASSIFICATION NUMBER
Classification number 004
100 ## - MAIN ENTRY--PERSONAL NAME
Personal name Bittu Kumar
245 ## - TITLE STATEMENT
Title A to Z of internet:
Remainder of title everything you wanted to know/
Statement of responsibility, etc by Bittu Kumar
260 ## - PUBLICATION, DISTRIBUTION, ETC. (IMPRINT)
Place of publication, distribution, etc New Delhi
Name of publisher, distributor, etc V&S Publishers
Date of publication, distribution, etc 2017
270 ## - ADDRESS
Address F-2/16, Ansari Road, Daryaganj
City New Delhi
Postal code 110002
Telephone number 011-23240026, 011-23240027
Electronic mail address info@vspublishers.com
300 ## - PHYSICAL DESCRIPTION
Extent 88p.
Dimensions 23cm(Pbk)
942 ## - ADDED ENTRY ELEMENTS (KOHA)
Source of classification or shelving scheme Dewey Decimal Classification
Item type English Books
Classification part 004
Call number suffix BIT
Holdings
Withdrawn status Lost status Not for loan Collection code Home library Current library Date acquired Source of acquisition Cost, normal purchase price Full call number Barcode Copy number Cost, replacement price Koha item type
      Non-fiction Central Library Central Library 09/02/2019 DBAD/PUB 195.00 004 BIT EN-108325 1 195.00 English Books

© Delhi Public Library
Hit Counter
free hit counter